000 00554nam a2200181 i 4500
001 88690
003 ES-MaACL
005 20230906175915.0
007 t|
008 050105s1968 sp ||||1| spa d
100 1 _aLandau, L.
_969930
245 1 0 _aQué es la teoría de la relatividad /
_cL. Landau, Y. Rumer ; traducido del ruso por V. Llanos Más.
260 _aMadrid :
_bRicardo Aguilera,
_c[1968]
300 _a73 p. :
_bil. ;
_c18 cm.
700 1 _aRumer, Y.
_9100990
700 1 _aLlanos Mas, V.
_972717
852 _aES-MaACL
_jC-35337
_bR.67792
999 _c88690
_d88690